000 00716nam a2200205Ia 4500
001 5559
003 GE_BSU
008 181216s||||||||xx |||||||||||||| ||und||
040 _cGE_BSU
080 _a514.12
100 _aКаплан И.А.
245 _aПрактические занятия по высшей математике.
245 _bИзд. 5-Е, стереот. Ч. 1. Аналитическая геометрия на плоскости и в пространстве.
260 _aХарьков
260 _bИзд-во ун-та.
260 _c1973
300 _a203 с. 22 см.
653 _aПрактические занятия по высшей математике.
942 _cBK
999 _c39039
_d39039